000 00629nam a2200205Ia 4500
005 20250923145947.0
008 008 250917s9999 xx 000 0 eng d
037 _aTextual
040 _aDSWL
_beng
_cDSWL
041 _aeng
_2eng
084 _aY7:1.4.9G, N89
_qDSWL
245 0 _aSociety from the Inside out : Anthropological Perspectives on the South Asian Household
_cEd. by J.N. Gray
260 _aNew Delhi
_bSage Publication
_c1989
300 _a263 p.
365 _aINR
_b300.00
700 _a D.J. Mearns
_9840753
925 _g300.00
942 _cTEXL
_hY7:1.4.9G, N89
999 _c1457853
_d1457853